000 00869nab a2200253 u 4500
001 15879
003 HDC
007 cr bn ---aaaaa
008 210219c20110714xx dr|noo 0 a eng d
040 _aHDC
100 _aOsmongazieva, Tolgonai
_eauthor
_915887
245 0 _aKyrgyzstan adopts Malaysian halal production standard / by
_cTolgonai Osmongazieva
260 _a[No place] :
_b[publisher not identified],
_c2011
336 _atext
_2rdacontent
337 _acomputer
_2rdamedia
338 _aonline resource
_2rdacarrier
650 _aHalal industry
_9144
650 _aHalal production
_96386
710 _aNews Agency
856 _zRequest full-text at [email protected]
942 _2lcc
942 _cNEWS
942 _kNWSO 005611
999 _c13195
_d13195